| 000 | 00563cam a22001571 4500 | ||
|---|---|---|---|
| 082 |
_a620.1 _bLEV _cL-5, P-58 |
||
| 100 | 1 |
_aLevinson, Lev Efimovich, _940666 |
|
| 245 | 1 | 0 |
_aFundamentals of engineering mechanics. _c[Translated from the Russian. Edited by S. Klein] |
| 260 |
_aMoscow, _bForeign Languages Pub. House _c[1962] |
||
| 300 |
_a333 p. _billus., ports. _c23 cm. |
||
| 500 | _aTranslation of Osnovy tekhnicheskoĭ mekhaniki. | ||
| 526 |
_a0 _b0 _c0 _d620_100000000000000_LEV |
||
| 650 | 0 |
_aMCE _9379 |
|
| 650 | 0 |
_aMechanics, Applied. _913090 |
|
| 942 |
_2ddc _cBK |
||
| 999 |
_c544917 _d544917 |
||